00992nam a2200289 a 4500001001000000003000900010005001700019007001000036008004100046020001800087040002200105092001500127100001600142245009200158260004800250300002800298500005000326500007100376930002100447942001200468945003600480952009600516956001800612956001800630956003900648999001500687000028269DO-SdBNP20180212101420.0000028269110407s2010 dr a 000 j spa d a9789945163759 aBPMSUbspacBPMSU axxxxbL8651 aLora, Frani13aEl lokito meneíto y sus aventuras :bcuentos para quisqueya y el mundo /cFrani Lora. aSanto Domingo :bDragón Editorial,c2010. a206 p. :bil. ;c22 cm. aUna audaz descripció de la realidad social  aIncluye datos biográficos del autor en la solapa de la cubierta  1l m 8 f p g  2ddccBK aTitulo remanejado para la BNPHU 00102ddc40708CDaBPMETbBPMETd2015-02-24l0pBPMSU15040142r2015-02-24w2015-02-24yBK a b c l h  a b c l h  aVMATEOb10c20150908lBPMSUh00151 c7495d7495